00485nam a22001697a 4500003000900000005001700009008004100026040003300067041000800100080001200108100002000120110002300140245004300163260006200206300002400268650002300292LK-CoDNM20250225152631.0250225b |||||||| |||| 00| 0 eng d aLK-CoDNMdLK-CoDNMeLK-CoDNM aeng aRCb542 aDissanayake,C.B aWeerasooriya S.V.R aThe Hydrogeochemical Atlas of SriLanka aColombobNatural Resources, Energy and Science Authority  a106p. , MAP ; 29 CM a Hydrogeochemical